| 000 | 01588 a2200193 4500 | ||
|---|---|---|---|
| 001 | 29641 | ||
| 005 | 20260407155606.0 | ||
| 008 | 260407a1952 arg spa d | ||
| 003 | AR-UNSa-BCEJYS | ||
| 040 |
_aAR-UNSa-BCEJYS _bspa _cAR-UNSa-BCEJYS |
||
| 080 |
_a657.23 _xCompensaciones. Correcciones. Ajustes (devaluación monetaria) |
||
| 245 | 1 | 0 | _aLa inflación y los balances |
| 264 | 1 |
_aBuenos Aires : _bSelección Contable _c1952 |
|
| 300 |
_a157 p. _c23 cm. |
||
| 505 | _a1. Introducción - 2. La depreciación monetaria - 3. Efectos de la depreciación monetaria sobre los rubros activos, pasivos y subdivisionarios de pérdidas y ganancias - 4. Ajustes de balance y estado de pérdidas y ganancias - 5. Método de corrección - 6. Conversión de Oro - 7. Ajuste con relación a una moneda extranjera sana - 8. Ajustes basados en las variaciones del nivel general de precios - 9. Aplicación de los índices de precios de cada empresa en particular - 10. Cálculo de índice - 11. Realización de los ajustes - 12. Revaluación de bienes activos - 13. La distribución de utilidades en épocas de inflación - 14. La reposición de los valores de cambio - 15. La determinación de los precios de venta durnate los períodos de inflación - 16. La creación de fondos para la renovación de los bienes del activo fijo - 17. El análisis de balances y cuadros de pérdidas y ganancias obtenidos durante épocas de inflación - 18. Normas a seguir en caso de deflación - 19. Conclusiones. | ||
| 942 | _cBK | ||
| 590 | _aniveau_biblio:m niveau_hierar:0 | ||
| 100 | 1 | _aCholvis, Francisco | |
| 999 |
_c1920 _d1920 |
||